[Event "51st NED-ch"]
[Site "Amsterdam NED"]
[Date "1995.06.11"]
[Round "3"]
[White "Nijboer, Friso"]
[Black "Reinderman, Dimitri"]
[Result "0-1"]
[WhiteElo "2510"]
[BlackElo "2440"]
[EventDate "1995.06.09"]
[PlyCount "70"]

1.e4 c5 2.Nf3 e6 3.d4 cxd4 4.Nxd4 Nf6 5.Nc3 Nc6 6.Ndb5 d6 7.Bf4 e5 8.Bg5 
a6 9.Na3 b5 10.Bxf6 gxf6 11.Nd5 f5 12.Bd3 Be6 13.O-O Bxd5 14.exd5 Ne7 15.
c3 Qc8 16.c4 e4 17.Be2 Bg7 18.cxb5 O-O 19.Rc1 Qb7 20.bxa6 Qxb2 21.Rc7 Qxa3
22.Rxe7 Qxa2 23.Bb5 Qb2 24.Rb7 f4 25.Qh5 Qf6 26.Qe2 Qe5 27.Re1 f5 28.Bc6 
Qd4 29.Rd1 Qf6 30.Rd7 Rac8 31.a7 f3 32.gxf3 Qh4 33.f4 Qxf4 34.Qh5 Kh8 35.
a8=Q Rxa8 0-1

[Event "51st NED-ch"]
[Site "Amsterdam NED"]
[Date "1995.06.11"]
[Round "3"]
[White "Sokolov, Ivan"]
[Black "Wiersma, Eelke"]
[Result "1-0"]
[WhiteElo "2645"]
[BlackElo "2280"]
[EventDate "1995.06.09"]
[PlyCount "85"]

1.d4 Nf6 2.c4 g6 3.Nc3 Bg7 4.e4 d6 5.Nf3 O-O 6.Be2 e5 7.O-O Nc6 8.d5 Ne7 
9.b4 Nh5 10.Re1 f5 11.Ng5 Nf4 12.Bxf4 exf4 13.Rc1 Kh8 14.Ne6 Bxe6 15.dxe6 
Be5 16.Bf3 c6 17.Qb3 fxe4 18.Nxe4 Nf5 19.Nc5 Nd4 20.Qd3 Re8 21.Nxb7 Qc7 
22.Na5 Rab8 23.c5 d5 24.b5 Rxe6 25.Nxc6 Nxc6 26.bxc6 Rd8 27.Bxd5 Re7 28.h3
Qxc6 29.Bxc6 Rxd3 30.Bf3 Rdd7 31.c6 Rc7 32.Bg4 Kg7 33.Bd7 Kf6 34.Rb1 Rexd7
35.cxd7 Rxd7 36.Red1 Rc7 37.Rbc1 Rb7 38.Rc6+ Kf5 39.Rc2 h5 40.Kf1 g5 41.
Rd8 Rb1+ 42.Ke2 g4 43.Rf8+ 1-0

[Event "51st NED-ch"]
[Site "Amsterdam NED"]
[Date "1995.06.13"]
[Round "4"]
[White "Sosonko, Gennadi"]
[Black "Sokolov, Ivan"]
[Result "0-1"]
[WhiteElo "2535"]
[BlackElo "2645"]
[EventDate "1995.06.09"]
[PlyCount "115"]

1.d4 d5 2.Nf3 c6 3.c4 dxc4 4.Nc3 b5 5.g3 e6 6.Bg2 Nd7 7.O-O Ngf6 8.Bg5 Bb7
9.a4 b4 10.Ne4 Be7 11.Bxf6 gxf6 12.Qc1 Ba6 13.Qh6 Qa5 14.Qg7 Rf8 15.Qxh7 
O-O-O 16.Rfc1 Nb6 17.e3 Nd5 18.Bf1 f5 19.Ned2 c3 20.bxc3 Nxc3 21.Ne5 Bxf1 
22.Nxc6 Qc7 23.Nxe7+ Qxe7 24.Nxf1 Kb8 25.Qh5 Rh8 26.Qf3 Qb7 27.Qxb7+ Kxb7 
28.Kg2 e5 29.dxe5 Rd3 30.Rc2 Rhd8 31.h4 Kb6 32.e4 fxe4 33.a5+ Kb5 34.h5 b3
35.Rb2 Na4 36.Re2 Rd1 37.Rxd1 Rxd1 38.Ne3 Rd8 39.Nf5 b2 40.Nd6+ Kc6 41.Re1
Nc3 42.h6 Rf8 43.g4 Kd7 44.h7 Rh8 45.Nxe4 b1=Q 46.Rxb1 Nxb1 47.f4 Ke7 48.
Nf6 Ke6 49.Ne4 Na3 50.a6 Nc4 51.Ng5+ Ke7 52.Kg3 f6 53.exf6+ Kxf6 54.Kh4 
Nd6 55.Kh5 Kg7 56.f5 Rb8 57.f6+ Kxf6 58.Kh6 0-1

[Event "51st NED-ch"]
[Site "Amsterdam NED"]
[Date "1995.06.14"]
[Round "5"]
[White "Van der Sterren, Paul"]
[Black "Reinderman, Dimitri"]
[Result "0-1"]
[WhiteElo "2560"]
[BlackElo "2440"]
[EventDate "1995.06.09"]
[PlyCount "132"]

1.d4 f5 2.g3 Nf6 3.Bg2 g6 4.c4 Bg7 5.Nc3 O-O 6.Nf3 d6 7.O-O Qe8 8.d5 Na6 
9.Rb1 Bd7 10.b4 c6 11.dxc6 bxc6 12.a3 Nc7 13.Bb2 Ne6 14.e3 Qf7 15.c5 Ne4 
16.Nxe4 fxe4 17.Nd2 Ng5 18.Nxe4 Nxe4 19.Bxe4 Bh3 20.Bxg7 Kxg7 21.Qd4+ e5 
22.Qxd6 Bxf1 23.Rxf1 Qf6 24.Qxc6 Qxc6 25.Bxc6 Rad8 26.Be4 Rd2 27.c6 Rc8 
28.Rc1 Rc7 29.Rc5 Kf6 30.Kg2 Ke6 31.g4 Kd6 32.g5 Re7 33.Kg3 Kc7 34.a4 a6 
35.h4 Ra2 36.Ra5 Kb6 37.Bd3 Ra7 38.Bc4 Ra1 39.h5 gxh5 40.Rxe5 Rxa4 41.f4 
Rxb4 42.Bg8 a5 43.Re6 Rg7 44.Re8 Kxc6 45.Kh4 Rb1 46.Kxh5 Rh1+ 47.Kg4 h6 
48.Kf5 hxg5 49.Kf6 Ra7 50.fxg5 Rf1+ 51.Ke5 Rg7 52.Bd5+ Kd7 53.Ra8 Rxg5+ 
54.Ke4 Ra1 55.Bf7 Ke7 56.Ra7+ Kf6 57.Bb3 Rb5 58.Ra6+ Kg5 59.Bd5 Ra3 60.Kd4
Rb4+ 61.Kc5 Rb8 62.e4 Kf4 63.Rf6+ Ke3 64.e5 Rc3+ 65.Kd6 Rd8+ 66.Ke6 Rc5 
0-1

[Event "51st NED-ch"]
[Site "Amsterdam NED"]
[Date "1995.06.15"]
[Round "6"]
[White "Wiersma, Eelke"]
[Black "Van der Sterren, Paul"]
[Result "1/2-1/2"]
[WhiteElo "2280"]
[BlackElo "2560"]
[EventDate "1995.06.09"]
[PlyCount "86"]

1.e4 e5 2.Nf3 Nc6 3.Bb5 a6 4.Ba4 Nf6 5.O-O Be7 6.Bxc6 dxc6 7.Qe1 c5 8.Nxe5
Qd4 9.Nf3 Qxe4 10.Qxe4 Nxe4 11.Re1 Nf6 12.b3 Bg4 13.Ba3 Nd7 14.d4 Bxf3 15.
gxf3 Kd8 16.Nc3 Bf6 17.Nd5 Bxd4 18.Rad1 a5 19.c3 Be5 20.Bxc5 Ra6 21.Be7+ 
Kc8 22.f4 Bf6 23.Bxf6 Nxf6 24.Re7 Rd8 25.Rxc7+ Kb8 26.Rc5 Rad6 27.c4 b6 
28.Rb5 Nxd5 29.Rbxd5 Rxd5 30.cxd5 Kc7 31.Kg2 Kd6 32.Rc1 Rb8 33.Kf3 Kxd5 
34.Rc7 Rf8 35.Ke3 g6 36.Kd3 Kd6 37.Rb7 Kc6 38.Re7 Rd8+ 39.Kc4 b5+ 40.Kc3 
b4+ 41.Kc2 Rd5 42.Rxf7 Rh5 43.Kd3 Rxh2 1/2-1/2

[Event "51st NED-ch"]
[Site "Amsterdam NED"]
[Date "1995.06.17"]
[Round "7"]
[White "Piket, Jeroen"]
[Black "Van der Wiel, John"]
[Result "1-0"]
[WhiteElo "2670"]
[BlackElo "2570"]
[EventDate "1995.06.09"]
[PlyCount "87"]

1.d4 d6 2.c4 e5 3.Nf3 e4 4.Ng5 Nf6 5.Nc3 Bf5 6.g4 Bxg4 7.Bg2 Be7 8.Ngxe4 
Nxe4 9.Nxe4 Nc6 10.Ng3 Bf6 11.Be3 O-O 12.Qd2 Rb8 13.h3 Bd7 14.Nh5 Bh4 15.
Rg1 g6 16.O-O-O Kh8 17.Nf4 Ne7 18.Be4 Nf5 19.Bxf5 Bxf5 20.d5 Bf6 21.Bd4 
Be5 22.e4 Bd7 23.Bxe5+ dxe5 24.Nd3 Qe7 25.h4 f6 26.b3 Rbe8 27.Kb2 f5 28.f4
fxe4 29.Nxe5 Qg7 30.h5 e3 31.Qxe3 Rxf4 32.Qxf4 Rxe5 33.Qd4 Rxh5 34.Rge1 
Rh2+ 35.Ka3 Qxd4 36.Rxd4 Bf5 37.Re8+ Kg7 38.Re7+ Kf6 39.Rxc7 a5 40.Rxb7 
Bb1 41.Ka4 Rxa2+ 42.Kb5 h5 43.d6 Ra3 44.d7 1-0

[Event "51st NED-ch"]
[Site "Amsterdam NED"]
[Date "1995.06.17"]
[Round "7"]
[White "Riemersma, Liafbern"]
[Black "Wiersma, Eelke"]
[Result "1-0"]
[WhiteElo "2435"]
[BlackElo "2280"]
[EventDate "1995.06.09"]
[PlyCount "50"]

1.e4 c5 2.Nf3 Nc6 3.d4 cxd4 4.Nxd4 Nf6 5.Nc3 e5 6.Ndb5 d6 7.a4 h6 8.Bc4 
Be6 9.Nd5 Rc8 10.O-O Nxe4 11.Be3 Nf6 12.f4 Ng4 13.Ra3 Nxe3 14.Rxe3 Bxd5 
15.Qxd5 Qb6 16.Qxf7+ Kd8 17.Re1 Be7 18.Kh1 Rf8 19.Qxg7 Rxf4 20.Rf3 Rxf3 
21.gxf3 Nd4 22.Qg8+ Kd7 23.Qg4+ Kd8 24.Qg8+ Kd7 25.Qg4+ Kd8 1-0

[Event "51st NED-ch"]
[Site "Amsterdam NED"]
[Date "1995.06.19"]
[Round "9"]
[White "Van der Sterren, Paul"]
[Black "Nijboer, Friso"]
[Result "1/2-1/2"]
[WhiteElo "2560"]
[BlackElo "2510"]
[EventDate "1995.06.09"]
[PlyCount "60"]

1.d4 Nf6 2.c4 e6 3.Nf3 b6 4.g3 Ba6 5.b3 Bb7 6.Bg2 Bb4+ 7.Bd2 c5 8.O-O O-O 
9.Bxb4 cxb4 10.Qd3 d6 11.Nbd2 a5 12.e4 e5 13.Ne1 Nc6 14.Nc2 Nd7 15.Rad1 
Re8 16.Rfe1 Nxd4 17.Nxd4 Nc5 18.Qe3 exd4 19.Qxd4 a4 20.Re3 Qf6 21.Nf1 Qxd4
22.Rxd4 axb3 23.axb3 Red8 24.Rd1 f6 25.g4 Ra3 26.h3 Bc6 27.Rb1 Rda8 28.Rd1
Rd8 29.Rb1 Rda8 30.Rd1 Rd8 1/2-1/2

[Event "51st NED-ch"]
[Site "Amsterdam NED"]
[Date "1995.06.19"]
[Round "9"]
[White "Van der Wiel, John"]
[Black "Reinderman, Dimitri"]
[Result "1/2-1/2"]
[WhiteElo "2570"]
[BlackElo "2440"]
[EventDate "1995.06.09"]
[PlyCount "57"]

1.e4 c5 2.Nf3 d6 3.d4 cxd4 4.Nxd4 Nf6 5.Nc3 g6 6.Be3 Bg7 7.f3 O-O 8.Qd2 
Nc6 9.O-O-O Nxd4 10.Bxd4 Be6 11.Kb1 Qc7 12.h4 Rfc8 13.h5 Qa5 14.hxg6 hxg6 
15.a3 Rab8 16.Bd3 Bc4 17.Bxf6 Bxf6 18.Nd5 Qxd2 19.Nxf6+ Kg7 20.Nh5+ gxh5 
21.Rxd2 Bxd3 22.cxd3 Kg6 23.g3 Rc5 24.Rdh2 Rg8 25.f4 Kf6 26.Rxh5 Rxh5 27.
Rxh5 Rxg3 28.Kc2 Ke6 29.Rb5 1/2-1/2

[Event "51st NED-ch"]
[Site "Amsterdam NED"]
[Date "1995.06.21"]
[Round "10"]
[White "Sokolov, Ivan"]
[Black "Brenninkmeijer, Joris"]
[Result "1-0"]
[WhiteElo "2645"]
[BlackElo "2490"]
[EventDate "1995.06.09"]
[PlyCount "45"]

1.d4 d5 2.c4 dxc4 3.e3 e6 4.Bxc4 Nf6 5.Nf3 c5 6.Qe2 a6 7.dxc5 Bxc5 8.O-O 
Qc7 9.e4 Ng4 10.e5 Nxf2 11.Nc3 Ne4+ 12.Kh1 Nxc3 13.bxc3 Be7 14.Ng5 Bxg5 
15.Bxg5 Nc6 16.Qh5 h6 17.Rad1 Rf8 18.Bh4 Bd7 19.Rd6 Nxe5 20.Qxe5 Qxc4 21.
Rfd1 Qxh4 22.Rxd7 Rc8 23.Rxb7 1-0